| 000 | 00401nam a22001697a 4500 | ||
|---|---|---|---|
| 003 | CEME | ||
| 005 | 20210628205622.0 | ||
| 008 | 210309b xxu||||| |||| 00| 0 eng d | ||
| 040 | _c. | ||
| 082 | _a891.4393 SHA | ||
| 100 |
_aShafiq-Ur-Rehman _91675 |
||
| 245 | _aShagoofay | ||
| 260 |
_aLAHORE _bMAWRA PUBLISHER _c1998 |
||
| 300 | _a207P | ||
| 650 |
_aURDU ADAB-FICTIONS _965572 |
||
| 942 |
_cBK _2ddc |
||
| 999 |
_c581680 _d581680 |
||